Mở rừng : Tiểu thuyết

Enregistré dans:
Détails bibliographiques
Auteur principal: Lê, Lựu
Format: Livre
Langue:Undetermined
Publié: Thành phố Hồ Chí Minh Thanh Niên 2004
Sujets:
Tags: Ajouter un tag
Pas de tags, Soyez le premier à ajouter un tag!
Thư viện lưu trữ: Trung tâm Học liệu Trường Đại học Cần Thơ
LEADER 00621nam a2200229Ia 4500
001 CTU_93646
008 210402s9999 xx 000 0 und d
020 |c 40000 
082 |a 895.922333 
082 |b L566 
100 |a Lê, Lựu 
245 0 |a Mở rừng : 
245 0 |b Tiểu thuyết 
245 0 |c Lê Lựu 
260 |a Thành phố Hồ Chí Minh 
260 |b Thanh Niên 
260 |c 2004 
650 |a Vietnamese fiction,Vietnamese literature 
650 |x 20th century 
650 |y 20th century 
904 |i M.Loan 
980 |a Trung tâm Học liệu Trường Đại học Cần Thơ